| 000 | 00385nam a22001457a 4500 | ||
|---|---|---|---|
| 999 |
_c12211 _d12211 |
||
| 008 | 210122b ||||| |||| 00| 0 eng d | ||
| 082 | 0 | 0 |
_a658.502 _bB2616 |
| 100 |
_94386 _aBarnetson, Paul |
||
| 245 | 1 | 0 |
_aCritical path planning _cBy Paul Barnetson |
| 260 |
_aLondon _bButterworths _c1969 |
||
| 300 | _a102 p. | ||
| 365 | _d16.20 | ||
| 650 | 0 | _aCritical Path Analysis | |
| 942 | _cBK | ||